[Event "Heusenstamm Sparkassen op U14 6th"]
[Site "Heusenstamm"]
[Date "2019.11.24"]
[Round "5"]
[White "Vick, Edward"]
[Black "Riemann, Adrian"]
[Result "1-0"]
[WhiteElo "1242"]
[BlackElo "1307"]
[PlyCount "59"]
[EventDate "2019.11.21"]
[EventType "swiss"]
[EventRounds "7"]
[EventCountry "GER"]
[SourceTitle "CBM 194 Extra"]
[Source "ChessBase"]
[SourceDate "2020.03.31"]
[SourceVersion "1"]
[SourceVersionDate "2020.03.31"]
[SourceQuality "1"]

1. e4 e6 2. d4 d5 3. exd5 exd5 4. Bd3 Bd6 5. Nc3 Be6 6. Nf3 h6 7. 0-0 Nd7 8. Re1 Ne7 9. Bd2 c6 10. Ne2 Qc7 11. Qc1 g5 12. Ng3 0-0-0 13. c4 Rde8 14. c5 Bxg3 15. fxg3 Bg4 16. Qc2 f5 17. Rf1 Nf6 18. Rf2 Ne4 19. Bxe4 fxe4 20. Ne5 Bd7 21. Nf7 Ref8 22. Nxh8 Rxh8 23. Raf1 Ng6 24. Rf6 Be8 25. Qc3 Kb8 26. h4 gxh4 27. gxh4 h5 28. Rxg6 Bxg6 29. Bf4 Qxf4 30. Rxf4 1-0

[Event "Heusenstamm Sparkassen op U14 5th"]
[Site "Heusenstamm"]
[Date "2018.11.24"]
[Round "4"]
[White "Riemann, Adrian"]
[Black "Bauer, Laura Sophie"]
[Result "1-0"]
[WhiteElo "933"]
[BlackElo "1366"]
[PlyCount "111"]
[EventDate "2018.11.23"]
[EventType "swiss"]
[EventRounds "7"]
[EventCountry "GER"]
[SourceTitle "CBM 188 Extra"]
[Source "ChessBase"]
[SourceDate "2019.02.26"]
[SourceVersion "1"]
[SourceVersionDate "2019.02.26"]
[SourceQuality "1"]

1. e4 c5 2. Nf3 e6 3. d4 cxd4 4. Nxd4 Nf6 5. e5 Nd5 6. Bc4 Bc5 7. c3 a5 8. Nd2 Nc6 9. Ne4 Nxd4 10. cxd4 Bb4+ 11. Bd2 Bxd2+ 12. Qxd2 0-0 13. 0-0 f5 14. exf6 Nxf6 15. Qe3 Nxe4 16. Qxe4 d5 17. Qd3 dxc4 18. Qxc4 Qg5 19. Rad1 Kh8 20. Rd3 b5 21. Qc7 g6 22. Rh3 h5 23. Rg3 Qf6 24. Rf3 Qd8 25. Qe5+ Rf6 26. Rxf6 Kg8 27. Rxg6+ Kf7 28. Qg7+ Ke8 29. Rh6 Qe7 30. Rh8+ Kd7 31. Rh7 Qxg7 32. Rxg7+ Kd6 33. Rg5 b4 34. f4 Ba6 35. Rf2 Rc8 36. g4 h4 37. f5 h3 38. Rf4 Rc1+ 39. Kf2 Rc2+ 40. Kg3 exf5 41. Rfxf5 Rg2+ 42. Kxh3 Re2 43. Rf6+ Re6 44. Rxe6+ Kxe6 45. Rg6+ Kd5 46. Rxa6 Kxd4 47. g5 Kd3 48. g6 Kc2 49. g7 b3 50. Rxa5 bxa2 51. g8Q Kxb2 52. Qxa2+ Kc3 53. Ra4 Kd3 54. Qb3+ Kd2 55. Ra2+ Kc1 56. Qc2# 1-0

[Event "Bad Soden U14 op 5th"]
[Site "Bad Soden"]
[Date "2018.10.03"]
[Round "9.10"]
[White "Richter, Tim"]
[Black "Riemann, Adrian"]
[Result "1-0"]
[WhiteElo "1115"]
[BlackElo "933"]
[PlyCount "115"]
[EventDate "2018.09.30"]
[EventType "swiss"]
[EventRounds "7"]
[EventCountry "GER"]
[SourceTitle "EXT 2020"]
[Source "ChessBase"]
[SourceDate "2019.10.17"]
[SourceVersion "1"]
[SourceVersionDate "2019.10.17"]
[SourceQuality "1"]

1. d4 e6 2. Bf4 d5 3. Nf3 c5 4. c3 Nc6 5. e3 Qb6 6. Qb3 Qxb3 7. axb3 cxd4 8. exd4 Nf6 9. h3 Be7 10. Bd3 Ne4 11. Nbd2 Nxd2 12. Nxd2 b6 13. 0-0 a5 14. Nf3 Ba6 15. Bxa6 Rxa6 16. Ne5 Bd6 17. Rfe1 Nxe5 18. Bxe5 Bxe5 19. Rxe5 0-0 20. Rc1 b5 21. Re2 a4 22. bxa4 bxa4 23. c4 dxc4 24. Rxc4 a3 25. bxa3 Rxa3 26. Rc1 g6 27. Rd1 Rd8 28. Kf1 Ra5 29. f4 Rad5 30. Red2 f6 31. Ke2 e5 32. dxe5 Rxd2+ 33. Rxd2 Rxd2+ 34. Kxd2 f5 35. Kd3 Kf7 36. Kd4 Ke6 37. g4 h5 38. g5 h4 39. Kc4 Kd7 40. Kd5 Ke7 41. Kc5 Ke6 42. Kc6 Ke7 43. Kc7 Ke6 44. Kd8 Kd5 45. Kd7 Ke4 46. e6 Kxf4 47. e7 Kxg5 48. e8Q f4 49. Qe2 Kf5 50. Qg4+ Ke4 51. Qxh4 Ke3 52. Qe1+ Kf3 53. Qf1+ Kg3 54. Kd6 f3 55. Ke5 g5 56. Ke4 g4 57. hxg4 Kxg4 58. Qxf3+ 1-0

[Event "Bad Soden U14 op 5th"]
[Site "Bad Soden"]
[Date "2018.10.02"]
[Round "7.20"]
[White "Nastassine, Alexey"]
[Black "Riemann, Adrian"]
[Result "0-1"]
[WhiteElo "881"]
[BlackElo "933"]
[PlyCount "50"]
[EventDate "2018.09.30"]
[EventType "swiss"]
[EventRounds "7"]
[EventCountry "GER"]
[SourceTitle "EXT 2020"]
[Source "ChessBase"]
[SourceDate "2019.10.17"]
[SourceVersion "1"]
[SourceVersionDate "2019.10.17"]
[SourceQuality "1"]

1. e4 e6 2. Nf3 d5 3. Nc3 Nf6 4. Be2 dxe4 5. Ng5 Qd4 6. Nb5 Qe5 7. 0-0 Bd7 8. d4 exd3 9. Bxd3 Bxb5 10. Nf3 Qc5 11. Be3 Qb4 12. Qc1 Bxd3 13. cxd3 Nc6 14. a3 Qb3 15. Nd2 Qxd3 16. Bc5 Bxc5 17. Rd1 b6 18. Nf3 Qb5 19. Re1 Na5 20. Qf4 Qxb2 21. Qxc7 Bxf2+ 22. Kh1 Bxe1 23. Rxe1 Qxa3 24. Nh4 Qb4 25. Re2 Qb1+ 0-1

[Event "Bad Soden U14 op 5th"]
[Site "Bad Soden"]
[Date "2018.10.01"]
[Round "5.11"]
[White "Viebahn, Tim"]
[Black "Riemann, Adrian"]
[Result "1/2-1/2"]
[WhiteElo "1154"]
[BlackElo "933"]
[PlyCount "92"]
[EventDate "2018.09.30"]
[EventType "swiss"]
[EventRounds "7"]
[EventCountry "GER"]
[SourceTitle "EXT 2020"]
[Source "ChessBase"]
[SourceDate "2019.10.17"]
[SourceVersion "1"]
[SourceVersionDate "2019.10.17"]
[SourceQuality "1"]

1. d4 e6 2. Bf4 d5 3. Nc3 Nf6 4. a3 c5 5. e3 Nc6 6. Nb5 Qb6 7. Nc7+ Kd7 8. Nxa8 Qxb2 9. Nf3 cxd4 10. exd4 Bxa3 11. Qb1 Qxb1+ 12. Rxb1 Bb4+ 13. Bd2 Bxd2+ 14. Nxd2 Nxd4 15. Bb5+ Kd6 16. Ba4 Bd7 17. Bb3 Rxa8 18. 0-0 Ne2+ 19. Kh1 Bb5 20. Bxd5 Nxd5 21. Rxb5 b6 22. Re1 Ndc3 23. Rb4 Na2 24. Ra4 Nac3 25. Ne4+ Nxe4 26. Rxe4 Nc3 27. Rd4+ Nd5 28. c4 a5 29. cxd5 exd5 30. Rb1 Kc5 31. Rbd1 Rd8 32. Rg4 g6 33. Re1 Rd7 34. Rc1+ Kb5 35. Rf4 f5 36. g4 fxg4 37. Rxg4 d4 38. Rg5+ Kb4 39. Rg4 b5 40. Rg5 a4 41. Rb1+ Kc3 42. Rgxb5 d3 43. Rd1 d2 44. Rbb1 a3 45. Kg2 Re7 46. Kf1 Re1+ 1/2-1/2